000 00610nam a2200217 a 4500
001 BRCA_5940
005 20190320205253.0
008 240311s1937----nyua######---#000-0#eng-#
041 _aeng
044 _anyu
050 4 _aNK7112
_b.E57 1937
100 1 _aEnsko, Stephen Guernsey Cook
_d1896-1969
_915003
245 1 0 _aAmerican silversmiths and their marks II
_cStephen G. C. Ensko.
260 _aNueva York
_bRobert Ensko
_c1937
300 _a82 p.
_bil.
_c23 cm.
500 _aG72
650 1 4 _aPlatería estadounidense
_915004
650 1 4 _aMarcas de orfebrería
_99229
902 _aGFM
942 _2lcc
_cB
999 _c5629
_d5629